000 00636nam a22002177a 4500
003 UA-OsUOA
001 119032
007 ta
008 20161003b un ||||| |||| 00| 0 ukr d
100 _aГріневська С.
090 _a3309477)
_bГ85
942 _cSA
040 _aUA-OsUOA
_bukr
_cUA-OsUOA
_dUA-OsUOA
245 _aСоціальні ресурси розвитку регіону в умовах децентралізації
300 _aС.13-21
955 _a0
041 _aukr
080 _a3309477)
773 0 _w119031
_tЕкономіст
_dК.
_d2016
_g8
650 7 _a330 Економіка взагалі
_2UDC
999 _c405302
_d405302